UBT Library

Quantitative Methods for Business (Record no. 49179)

000 -LEADER
fixed length control field 00305nam a22001337a 4500
008 - FIXED-LENGTH DATA ELEMENTS--GENERAL INFORMATION
fixed length control field 181009b xxu||||| |||| 00| 0 eng d
020 ## - INTERNATIONAL STANDARD BOOK NUMBER
International Standard Book Number 9780324184136
041 ## - LANGUAGE CODE
Language code of text/sound track or separate title eng
080 ## - UNIVERSAL DECIMAL CLASSIFICATION NUMBER
Universal Decimal Classification number 330
100 ## - Rafti
Rafti 58
101 ## - Shkurtesa
Shkurtesa BIZ
245 ## - TITLE STATEMENT
Title Quantitative Methods for Business
Statement of responsibility, etc Anderson,D.R
942 ## - ADDED ENTRY ELEMENTS (KOHA)
Source of classification or shelving scheme
Item type Books
Holdings
Withdrawn status Lost status Source of classification or shelving scheme Damaged status Not for loan Collection code Permanent location Current location Shelving location Date acquired Total Checkouts Full call number Barcode Date last seen Price effective from Koha item type
          Koleksioni i përgjithshem UBT - Lipjan UBT - Lipjan Koleksioni i përgjithshem 10/09/2018   330 AND 002-3014597 10/09/2018 10/09/2018 Books
UBT Library © 2015-2024. All rights reserved University Education for Business and Technology